| 000 | 00993nas a2200289 4500 | ||
|---|---|---|---|
| 001 | BR0807937 | ||
| 003 | BR-BrBNA | ||
| 005 | 20231205112753.0 | ||
| 007 | ta | ||
| 008 | 230509b bl.|||p| |||| 00| 00por d | ||
| 040 |
_aBR-BrBNA _bpor _cBiblioteca Nacional de Agricultura |
||
| 041 | _a(Pt) | ||
| 072 | _aL70 | ||
| 100 | 1 | _aMancini, D.A.P. | |
| 100 | 1 | _aMendonça, R.M.Z. | |
| 100 | 1 | _aPinto, J.R. | |
| 100 | 1 | _aAlmeida, S.T. de | |
| 245 | 1 | _aInfluenza eqüina: avaliação da resposta imune humoral, através das reações de inibição da hemaglutinação e de hemólise radial simples, em soro de animais vacinados com vacina comercial e experimental | |
| 650 | _aCAVALO | ||
| 650 | _aVETERINÁRIA | ||
| 650 | _aHEMÓLISE | ||
| 650 | _aSORO | ||
| 650 | _aVACINA | ||
| 773 | 0 |
_tBrazilian Journal of Veterinary Research and Animal Science (Brazil) _xISSN 1413-9596 _g(1996), v. 33(1) p. 36-40 _wBR0807937 |
|
| 909 |
_a202311 _bLúcia _c55 _dLúcia Elande |
||
| 942 |
_2AGRIS _n0 _cANA |
||
| 999 |
_c199885 _d199885 |
||